| 000 | 00649nam a22001575i 4500 | ||
|---|---|---|---|
| 001 | 161467 | ||
| 003 | ES-MaACL | ||
| 005 | 20230906212306.0 | ||
| 008 | 990614s1899 sp |||| | spa d | ||
| 040 |
_aCCPB | B _bspa _cCCPB | B |
||
| 100 | 1 |
_aPásant y Arús, Rafael. _989305 |
|
| 245 | 1 | 0 |
_aNuestras calamidades _b: crítica general y local sobre los efectos del centralismo imperante / _cpor Rafael Pasant y Arús. |
| 260 |
_aMataró : _b[s.n.], _c1899 ( _fEstablecimiento tipográfico de Feliciano Horta) |
||
| 300 |
_a30 p. ; _c25 cm. |
||
| 852 |
_aES-MaACL _jT-845-F-12 _z-- Enc. hol. conservando la cub. original _z-- Enc. en un vol. facticio |
||
| 999 |
_c161467 _d161467 |
||